| 000 | 00676nam a2200229 a 4500 | ||
|---|---|---|---|
| 005 | 20231202063547.0 | ||
| 008 | 010615s1997 r 000 0 eng d | ||
| 020 | _a8437615100 | ||
| 035 | _aUPN01000108355 | ||
| 049 | _aCG | ||
| 050 | 4 |
_aQ225.5 _bL8.38 |
|
| 100 | 1 |
_aLocke, David, _d1929- |
|
| 245 | 1 | 3 |
_aLa ciencia como escritura / _cDavid Locke ; tr. Antonio Méndez Rubio. |
| 260 |
_aMadrid : _bCátedra, _c1997. |
||
| 300 | _a270 p. | ||
| 440 | 0 |
_aFrónesis ; _v6 |
|
| 534 |
_pTraducción de: _tScience as writing |
||
| 650 | 2 |
_aLiteratura científica _97414 |
|
| 650 | 7 |
_aComunicación en la ciencia _2 _98117 |
|
| 650 | 4 |
_aESCRITURA TECNICA _916068 |
|
| 905 | _aLibro | ||
| 999 |
_c82267 _d82267 |
||